| 000 | 00388nam a22001337a 4500 | ||
|---|---|---|---|
| 005 | 20260316122943.0 | ||
| 008 | 260316b |||||||| |||| 00| 0 eng d | ||
| 040 | _cFLL | ||
| 041 |
_2eng _aeng |
||
| 245 |
_aWitness Protection Program Under Indian Penal Code and BNSS _bA Comparative Study |
||
| 260 |
_aDU _bFaculty of Law _c2024 |
||
| 700 |
_aKumar, Pradeep _91111438 |
||
| 942 |
_2CC _cDIS |
||
| 999 |
_c1715478 _d1715478 |
||